000 00538cam a22002051 4500
001 he 68000563
003 DLC
005 20260227111454.0
008 840613s1966 is 000 0 heb
010 _ahe 68000563
035 _a(OCoLC)19151996
040 _aDLC
_cMH
_dCU
_dDLC
042 _apremarc
050 0 0 _aPJ5054.H228
_bH3
100 1 _aHalevi, Ratson,
_d1921-
245 1 0 _aHami yonat ha-lev :
_bshirim.
260 _a[Tel Aviv] :
_bMaḥbarot le-sifrut
_c[1966 or 1967]
300 _a70 p. ;
_c20 cm.
500 _aVocalized.
999 _c32971
_d32971